| 000 | 00445nam a22001697a 4500 | ||
|---|---|---|---|
| 999 |
_c4926 _d4926 |
||
| 003 | GBCCL | ||
| 005 | 20241126110529.0 | ||
| 008 | 180215b ||||| |||| 00| 0 eng d | ||
| 040 | _cgbc | ||
| 082 |
_a236 _bBEN |
||
| 100 |
_aBenson, John L. _98095 |
||
| 245 |
_aWhat's This World Coming To? / _cJohn L. Benson |
||
| 260 |
_aIllinois: _bRegular Baptist Press, _c1979 |
||
| 300 |
_a126 p.; _c18 cm. |
||
| 650 |
_aProphecy _92353 |
||
| 942 |
_2ddc _cBK _01 |
||